Consommation Revue de socio-économie

Na minha lista:
Detalhes bibliográficos
Formato: Periódico
Idioma:francês
Publicado em: Paris Dunod 1983
Tags: Adicionar Tag
Sem tags, seja o primeiro a adicionar uma tag!

MARC

LEADER 00000nas2a2200000 4500
001 s120397
005 20250730114205.2
041 0 |a fre 
044 |a FR 
245 1 0 |a Consommation  |b Revue de socio-économie 
264 1 |a Paris  |b Dunod  |c 1983 
300 |a 1 zv. 
773 0 |w eu_un_cat*s120599